| 000 -LEADER |
| fixed length control field |
01352nam a22002297a 4500 |
| 005 - DATE AND TIME OF LATEST TRANSACTION |
| control field |
20250204111106.0 |
| 008 - FIXED-LENGTH DATA ELEMENTS--GENERAL INFORMATION |
| fixed length control field |
250204s2014 ru ||||| |||| 00| 0 rus d |
| 020 ## - INTERNATIONAL STANDARD BOOK NUMBER |
| International Standard Book Number |
9785799613525 |
| 041 ## - LANGUAGE CODE |
| Language code of text/sound track or separate title |
rus |
| 080 ## - UNIVERSAL DECIMAL CLASSIFICATION NUMBER |
| Universal Decimal Classification number |
001.1 P-85 |
| 245 ## - TITLE STATEMENT |
| Title |
Руководство по наукометрии: индикаторы развития науки и технологии : |
| Remainder of title |
монография / |
| Statement of responsibility, etc. |
М. А. Акоев, В. А.Маркусова, О. В. Москалева, В. В. Писляков. |
| 264 ## - PRODUCTION, PUBLICATION, DISTRIBUTION, MANUFACTURE, AND COPYRIGHT NOTICE |
| Place of production, publication, distribution, manufacture |
Екатеринбург : |
| Name of producer, publisher, distributor, manufacturer |
Издательство Уральского университета, |
| Date of production, publication, distribution, manufacture, or copyright notice |
2014. |
| 300 ## - PHYSICAL DESCRIPTION |
| Extent |
250 стр. |
| Other physical details |
23 см. |
| 653 ## - INDEX TERM--UNCONTROLLED |
| keyword |
მეცნიერომეტრიის გზამკვლევი |
| 653 ## - INDEX TERM--UNCONTROLLED |
| keyword |
მეცნიერებისა და ტექნოლოგიების განვითარების ინდიკატორები |
| 700 ## - ADDED ENTRY--PERSONAL NAME |
| Personal name |
Акоев, М. А. |
| Relator term |
ავტორი, რედაქტორი |
| 9 (RLIN) |
24238 |
| 700 ## - ADDED ENTRY--PERSONAL NAME |
| Personal name |
Маркусова, В. А. |
| 9 (RLIN) |
24235 |
| 700 ## - ADDED ENTRY--PERSONAL NAME |
| Personal name |
Москалева, О. В. |
| Relator term |
ავტორი |
| 9 (RLIN) |
24239 |
| 700 ## - ADDED ENTRY--PERSONAL NAME |
| Personal name |
Писляков,В. В. |
| Relator term |
ავტორი |
| 9 (RLIN) |
24240 |
| 856 ## - ELECTRONIC LOCATION AND ACCESS |
| Uniform Resource Identifier |
https://kubsau.ru/upload/science/pub-act/guide_to_scientometrics.pdf |
| Link text |
ელ. ვერსია |
| 942 ## - ADDED ENTRY ELEMENTS (KOHA) |
| Source of classification or shelving scheme |
|
| Koha item type |
წიგნი |